Taylor Swift Songs that weren't played at The Eras Tour - Statistics

General Stats
  • This quiz has been taken 96 times
    34 since last reset
  • The average score is 5 of 6
Answer Stats
Album Song % Correct
Red Ronan
97%
Lover Soon You'll Get Better
97%
Fearless Bye Bye Baby
76%
Red Girl At Home
76%
Fearless That's When
76%
Red Forever Winter
69%
No matching quizzes found
Score Distribution
Percent of People with Each Score
Percentile by Number Answered
Your Score History
You have not taken this quiz since the last reset